000 00792nam a2200277 a 4500
008
020 _a1868130606 (pbk.)
049 _aMAIN
090 _aBD331
_bJOR
100 1 _aJordaan, Wilhelm.
245 1 0 _aMan in context /
_cWilhelm Jordaan [and] Jackie Jordaan.
260 _aIsando :
_bLexicon Publishers,
_c1989.
300 _a2nd ed.
300 _a880 p. :
_bill. ;
_c25 cm.
500 _aIncludes index.
504 _aIncludes bibliographical references.
650 1 _aPsychology
650 _aMetaphysical
_xcontext.
650 _aBiological
_xcontext.
650 _aIntrapsychic
_xcontext.
907 _a.b10326182
_b18-10-16
_c23-01-13
003
005 20230123121958.0
040 _cNUST
942 _cBOOKS
_kBD331
_mJOR
999 _c125694
_d125694